Normal view
MARC view
- REVELLE,S.CHARLES
Entry Personal Name
001 - CONTROL NUMBER
- control field: 91238
003 - CONTROL NUMBER IDENTIFIER
- control field: NUST
005 - DATE AND TIME OF LATEST TRANSACTION
- control field: 20220427105919.0
008 - FIXED-LENGTH DATA ELEMENTS
- fixed length control field: 220427|| aca||aabn | a|a d
040 ## - CATALOGING SOURCE
- Original cataloging agency: NUST
- Transcribing agency: NUST
100 ## - HEADING--PERSONAL NAME
- Personal name: REVELLE,S.CHARLES
670 ## - SOURCE DATA FOUND
- Source citation: Work cat.: (NUST): REVELLE,S.CHARLES., CIVIL AND ENVIRONMENTAL SYSTEMS ENGINEERING /, 2013.
